Canadian Things - Statistics

General Stats
  • This quiz has been taken 16 times
    8 since last reset
  • The average score is 9 of 25
Answers on the Grid
Answers color-coded by a green-red scale on the quiz's grid according to % correct below.
Zamboni
Wood Bison
Tim Horton's
Tate McRae
Shopify
Senate
Schitt's Creek
Saint Cloud
Regina
President
Poutine
Pine Tree
Pencil Crayons
Outerbanks
Ottawa
Ontario
Olympia
Nickelback
Minneapolis
Lululemon
Loon
Little Iron Horse
Liberal Party's color is blue
Lansing
Lake of the Woods
Lacrosse
Kraft Foods
Kim's Convenience
Kanye
Justin Bieber
Juneau
Judicial Branch
House of Representatives
Hot Dish
Hawaiian Pizza
Gray Jay
Dua Lipa
Constitutional Monarchy
Clamato
Cheyenne
Canada Dry
Bilingual
Beavers
Ketchup Chips
Banff
 
Answer Stats
Answer % Correct
Canadian Province Ontario
71%
Classic Canadian dish Poutine
71%
Quick service restaurant started in Tim Horton's
71%
Pop artist from Ontario Justin Bieber
57%
Capital of Canada Ottawa
57%
Capitol of Saskatchewan Regina
57%
An online commerce business started in Ontario Shopify
57%
City in Alberta Banff
43%
Created in Ontario Hawaiian Pizza
43%
A bison found in Canada and a national symbol Wood Bison
43%
Beavers can be found across much of North America and are the national animal of Canada Beavers
29%
A popular chip flavor started in Ontario Ketchup Chips
29%
Set in Canada Kim's Convenience
29%
Lake on the border of Minnesota, Manitoba, and Ontario Lake of the Woods
29%
Band from Alberta Nickelback
29%
Pop artist born in Alberta Tate McRae
29%
Pop brand created in Ontario Canada Dry
14%
The governmental system of Canada Constitutional Monarchy
14%
National bird of Canada (commonly called a Canada Jay) Gray Jay
14%
National sport of Lacrosse Lacrosse
14%
Another name for a Canadian Horse Little Iron Horse
14%
Created in Vancouver Lululemon
14%
The Canadian term for colored pencils Pencil Crayons
14%
A show made by Canadians Schitt's Creek
14%
A section of the Executive branch of Canada Senate
14%
No matching quizzes found
Score Distribution
Percent of People with Each Score
Percentile by Number Answered
Your Score History
You have not taken this quiz since the last reset